[Event "RUS-ch Men Rapid 2019"]
[Site "Sochi"]
[Date "2019.10.16"]
[Round "11.6"]
[White "Lysyj, Igor"]
[Black "Nozdrachev, Vladislav"]
[Result "1/2-1/2"]
[WhiteElo "2596"]
[BlackElo "2494"]
[Annotator "ChessBase"]
[PlyCount "75"]
[EventDate "2019.10.15"]
[EventType "swiss"]
[EventCountry "RUS"]
[SourceTitle "playchess.com"]
[Source "ChessBase"]
[SourceQuality "1"]
[TimeControl "900+10"]

1. d4 {[%emt 0:00:00]} Nf6 {[%emt 0:00:00]} 2. c4 {[%emt 0:00:00]} e6 {[%emt 0:00:00]} 3. Nf3 {[%emt 0:00:00]} d5 {[%emt 0:00:00]} 4. g3 {[%emt 0:00:00]} Be7 {[%emt 0:00:07]} 5. Bg2 {[%emt 0:00:00]} O-O {[%emt 0:00:02]} 6. O-O {[%emt 0:00:06]} dxc4 {[%emt 0:00:02]} 7. Ne5 {[%emt 0:00:01]} Nc6 {[%emt 0:00:13]} 8. Bxc6 {[%emt 0:00:02]} bxc6 {[%emt 0:00:01]} 9. Nxc6 {[%emt 0:00:01]} Qe8 {[%emt 0:00:00]} 10. Nxe7+ {[%emt 0:00:02]} Qxe7 {[%emt 0:00:02]} 11. Nc3 {[%emt 0:00:02]} c5 {[%emt 0:00:45]} 12. dxc5 {[%emt 0:00:02]} Qxc5 {[%emt 0:00:18]} 13. Be3 {[%emt 0:00:01]} Qc6 {[%emt 0:00:19]} 14. Qa4 {[%emt 0:00:02]} Bb7 {[%emt 0:00:21]} 15. Qxc6 {[%emt 0:00:25]} Bxc6 {[%emt 0:00:01]} 16. Rfd1 {[%emt 0:00:48]} Nd5 {[%emt 0:00:03]} 17. Rd4 {[%emt 0:04:10]} Nxc3 {[%emt 0:00:34]} 18. bxc3 {[%emt 0:00:01]} Bd5 {[%emt 0:00:40]} 19. Rad1 {[%emt 0:01:08]} f5 {[%emt 0:01:30]} 20. Bf4 {[%emt 0:00:12]} Rac8 {[%emt 0:00:02]} 21. f3 {[%emt 0:00:30]} Rfe8 {[%emt 0:00:49]} 22. Be5 {[%emt 0:01:22]} Rc5 {[%emt 0:00:16]} 23. Bd6 {[%emt 0:00:37]} Ra5 {[%emt 0:00:09]} 24. R1d2 {[%emt 0:00:17]} Rb5 {[%emt 0:03:57]} 25. e4 {[%emt 0:01:18]} fxe4 {[%emt 0:00:01]} 26. fxe4 {[%emt 0:00:01]} Rb1+ {[%emt 0:00:08]} 27. Kf2 {[%emt 0:00:03]} Bb7 {[%emt 0:00:03]} 28. Rxc4 {[%emt 0:00:49]} Rh1 {[%emt 0:00:34]} 29. h4 {[%emt 0:02:18]} Rd8 {[%emt 0:00:02]} 30. Rcd4 {[%emt 0:00:32]} Bxe4 {[%emt 0:00:20]} 31. Rxe4 {[%emt 0:00:48]} Rh2+ {[%emt 0:00:01]} 32. Ke3 {[%emt 0:00:00]} Rxd2 {[%emt 0:00:01]} 33. Kxd2 {[%emt 0:00:01]} Rxd6+ {[%emt 0:00:01]} 34. Ke3 {[%emt 0:00:06]} Ra6 {[%emt 0:00:14]} 35. a4 {[%emt 0:00:10]} Kf7 {[%emt 0:00:02]} 36. g4 {[%emt 0:00:58]} Ra5 {[%emt 0:00:13]} 37. Rb4 {[%emt 0:00:18]} h6 {[%emt 0:00:35]} 38. Rc4 {[%emt 0:01:08]} 1/2-1/2

[Event "RUS-ch Men Rapid 2019"]
[Site "Sochi"]
[Date "2019.10.16"]
[Round "11.7"]
[White "Lugovskoy, Maxim"]
[Black "Timofeev, Artyom"]
[Result "0-1"]
[WhiteElo "2436"]
[BlackElo "2595"]
[Annotator "ChessBase"]
[PlyCount "110"]
[EventDate "2019.10.15"]
[EventType "swiss"]
[EventCountry "RUS"]
[SourceTitle "playchess.com"]
[Source "ChessBase"]
[SourceQuality "1"]
[TimeControl "900+10"]

1. d4 {[%emt 0:00:00]} Nf6 {[%emt 0:00:00]} 2. Nc3 {[%emt 0:00:00]} c5 {[%emt 0:00:02]} 3. d5 {[%emt 0:00:08]} e5 {[%emt 0:00:09]} 4. dxe6 {[%emt 0:00:23]} fxe6 {[%emt 0:00:10]} 5. e4 {[%emt 0:00:02]} d5 {[%emt 0:00:05]} 6. exd5 {[%emt 0:00:08]} exd5 {[%emt 0:00:03]} 7. Bg5 {[%emt 0:00:47]} Be7 {[%emt 0:00:20]} 8. Bb5+ {[%emt 0:00:41]} Nc6 {[%emt 0:00:12]} 9. Bxf6 {[%emt 0:01:29]} Bxf6 {[%emt 0:00:02]} 10. Nxd5 {[%emt 0:00:02]} Bxb2 {[%emt 0:00:18]} 11. Rb1 {[%emt 0:00:15]} Bd4 {[%emt 0:00:10]} 12. Qe2+ {[%emt 0:00:53]} Kf8 {[%emt 0:00:02]} 13. Qf3+ {[%emt 0:00:11]} Bf6 {[%emt 0:00:04]} 14. Bxc6 {[%emt 0:01:35]} bxc6 {[%emt 0:00:03]} 15. Nxf6 {[%emt 0:01:48]} Qxf6 {[%emt 0:00:03]} 16. Rd1 {[%emt 0:00:59]} Be6 {[%emt 0:01:03]} 17. Qe3 {[%emt 0:02:47]} Bxa2 {[%emt 0:00:17]} 18. Qxc5+ {[%emt 0:00:30]} Qe7+ {[%emt 0:00:02]} 19. Qxe7+ {[%emt 0:00:08]} Kxe7 {[%emt 0:00:01]} 20. Nf3 {[%emt 0:00:15]} Bd5 {[%emt 0:00:05]} 21. O-O {[%emt 0:00:13]} Bxf3 {[%emt 0:00:06]} 22. gxf3 {[%emt 0:00:02]} Rhd8 {[%emt 0:00:01]} 23. Rfe1+ {[%emt 0:00:07]} Kf6 {[%emt 0:00:05]} 24. Ra1 {[%emt 0:00:12]} a5 {[%emt 0:00:02]} 25. Re4 {[%emt 0:00:01]} Rd5 {[%emt 0:00:05]} 26. Rc4 {[%emt 0:00:33]} Ra6 {[%emt 0:00:09]} 27. Raa4 {[%emt 0:00:28]} Ke6 {[%emt 0:00:23]} 28. Rh4 {[%emt 0:00:19]} h6 {[%emt 0:00:08]} 29. Rhe4+ {[%emt 0:00:25]} Re5 {[%emt 0:00:06]} 30. Red4 {[%emt 0:00:06]} Rc5 {[%emt 0:00:04]} 31. c4 {[%emt 0:00:10]} Rb6 {[%emt 0:00:15]} 32. Ra1 {[%emt 0:00:36]} Rb4 {[%emt 0:00:07]} 33. Re4+ {[%emt 0:00:07]} Kf5 {[%emt 0:00:09]} 34. Re7 {[%emt 0:00:07]} Rbxc4 {[%emt 0:00:04]} 35. Kg2 {[%emt 0:00:21]} Kf6 {[%emt 0:00:04]} 36. Ra7 {[%emt 0:00:11]} Rg5+ {[%emt 0:00:03]} 37. Kf1 {[%emt 0:00:30]} Rcc5 {[%emt 0:00:02]} 38. h4 {[%emt 0:00:01]} Rgf5 {[%emt 0:00:33]} 39. Kg2 {[%emt 0:00:03]} Rc3 {[%emt 0:00:13]} 40. R1xa5 {[%emt 0:00:12]} Rcxf3 {[%emt 0:00:03]} 41. Ra2 {[%emt 0:00:07]} R3f4 {[%emt 0:01:27]} 42. Rc7 {[%emt 0:00:12]} Rxh4 {[%emt 0:00:26]} 43. Rxc6+ {[%emt 0:00:01]} Kg5 {[%emt 0:00:03]} 44. Ra3 {[%emt 0:01:11]} Rg4+ {[%emt 0:01:11]} 45. Rg3 {[%emt 0:00:02]} Rff4 {[%emt 0:00:04]} 46. Rc5+ {[%emt 0:00:57]} Kg6 {[%emt 0:00:12]} 47. f3 {[%emt 0:00:13]} Rxg3+ {[%emt 0:00:14]} 48. Kxg3 {[%emt 0:00:01]} Rf5 {[%emt 0:00:09]} 49. Rc7 {[%emt 0:00:12]} Ra5 {[%emt 0:00:22]} 50. f4 {[%emt 0:00:10]} Ra3+ {[%emt 0:00:12]} 51. Kg4 {[%emt 0:00:06]} h5+ {[%emt 0:00:51]} 52. Kh4 {[%emt 0:00:01]} Rf3 {[%emt 0:00:02]} 53. Rc6+ {[%emt 0:00:23]} Kf5 {[%emt 0:00:08]} 54. Rc5+ {[%emt 0:00:03]} Kxf4 {[%emt 0:00:10]} 55. Rf5+ {[%emt 0:00:03]} Kxf5 {[%emt 0:00:05]} 0-1

[Event "RUS-ch Men Rapid 2019"]
[Site "Sochi"]
[Date "2019.10.16"]
[Round "11.8"]
[White "Faizrakhmanov, Ramil"]
[Black "Moiseenko, Vadim"]
[Result "0-1"]
[WhiteElo "2434"]
[BlackElo "2532"]
[Annotator "ChessBase"]
[PlyCount "76"]
[EventDate "2019.10.15"]
[EventType "swiss"]
[EventCountry "RUS"]
[SourceTitle "playchess.com"]
[Source "ChessBase"]
[SourceQuality "1"]
[TimeControl "900+10"]

1. d4 {[%emt 0:00:00]} Nf6 {[%emt 0:00:44]} 2. Nf3 {[%emt 0:00:00]} c5 {[%emt 0:00:01]} 3. e3 {[%emt 0:00:02]} e6 {[%emt 0:00:05]} 4. Bd3 {[%emt 0:00:16]} d5 {[%emt 0:00:12]} 5. c4 {[%emt 0:00:17]} dxc4 {[%emt 0:00:06]} 6. Bxc4 {[%emt 0:00:02]} a6 {[%emt 0:00:18]} 7. dxc5 {[%emt 0:00:29]} Qxd1+ {[%emt 0:00:05]} 8. Kxd1 {[%emt 0:00:02]} Bxc5 {[%emt 0:00:02]} 9. Ke2 {[%emt 0:00:05]} Nc6 {[%emt 0:00:28]} 10. Nbd2 {[%emt 0:00:10]} b5 {[%emt 0:00:10]} 11. Bd3 {[%emt 0:00:09]} Bb7 {[%emt 0:00:11]} 12. Nb3 {[%emt 0:00:34]} Bd6 {[%emt 0:00:26]} 13. Bd2 {[%emt 0:00:32]} Nb4 {[%emt 0:00:30]} 14. Bb1 {[%emt 0:01:18]} Bd5 {[%emt 0:00:50]} 15. Bxb4 {[%emt 0:00:27]} Bxb4 {[%emt 0:00:04]} 16. Rc1 {[%emt 0:00:34]} O-O {[%emt 0:00:45]} 17. Bd3 {[%emt 0:00:28]} Rfe8 {[%emt 0:01:26]} 18. a3 {[%emt 0:00:39]} Bf8 {[%emt 0:00:03]} 19. Na5 {[%emt 0:00:42]} e5 {[%emt 0:00:10]} 20. Ne1 {[%emt 0:00:34]} Bd6 {[%emt 0:00:51]} 21. Bc2 {[%emt 0:00:43]} Rac8 {[%emt 0:01:30]} 22. Bf5 {[%emt 0:01:02]} Rc7 {[%emt 0:00:19]} 23. Nf3 {[%emt 0:01:26]} g6 {[%emt 0:00:36]} 24. Bh3 {[%emt 0:00:10]} Ne4 {[%emt 0:00:40]} 25. Ne1 {[%emt 0:02:12]} f5 {[%emt 0:00:45]} 26. Rd1 {[%emt 0:01:34]} Nf6 {[%emt 0:00:12]} 27. Rd2 {[%emt 0:00:24]} Rd7 {[%emt 0:00:45]} 28. Rad1 {[%emt 0:03:39]} Bc7 {[%emt 0:00:07]} 29. b4 {[%emt 0:00:26]} Ne4 {[%emt 0:02:24]} 30. Rc2 {[%emt 0:00:13]} Bxa5 {[%emt 0:00:01]} 31. bxa5 {[%emt 0:00:01]} Bc4+ {[%emt 0:00:05]} 32. Rxc4 {[%emt 0:00:05]} Rxd1 {[%emt 0:00:02]} 33. Rxe4 {[%emt 0:01:02]} Rxe1+ {[%emt 0:00:09]} 34. Kxe1 {[%emt 0:00:01]} fxe4 {[%emt 0:00:01]} 35. Bg4 {[%emt 0:00:07]} Rd8 {[%emt 0:00:18]} 36. Be2 {[%emt 0:00:05]} Kf8 {[%emt 0:00:09]} 37. a4 {[%emt 0:00:16]} bxa4 {[%emt 0:00:06]} 38. Bxa6 {[%emt 0:00:03]} Rd5 {[%emt 0:00:41]} 0-1

[Event "RUS-ch Men Rapid 2019"]
[Site "Sochi"]
[Date "2019.10.16"]
[Round "11.9"]
[White "Ulybin, Mikhail"]
[Black "Sakaev, Konstantin"]
[Result "1/2-1/2"]
[WhiteElo "2455"]
[BlackElo "2595"]
[Annotator "ChessBase"]
[PlyCount "36"]
[EventDate "2019.10.15"]
[EventType "swiss"]
[EventCountry "RUS"]
[SourceTitle "playchess.com"]
[Source "ChessBase"]
[SourceQuality "1"]
[TimeControl "900+10"]

1. e4 {[%emt 0:00:11]} c5 {[%emt 0:00:00]} 2. Nf3 {[%emt 0:00:05]} d6 {[%emt 0:00:00]} 3. Bc4 {[%emt 0:00:17]} Nf6 {[%emt 0:00:00]} 4. d3 {[%emt 0:00:05]} g6 {[%emt 0:00:00]} 5. c3 {[%emt 0:00:09]} Bg7 {[%emt 0:00:05]} 6. O-O {[%emt 0:00:17]} O-O {[%emt 0:00:02]} 7. h3 {[%emt 0:00:17]} Nc6 {[%emt 0:00:02]} 8. Bb3 {[%emt 0:00:23]} b5 {[%emt 0:00:04]} 9. Re1 {[%emt 0:00:11]} b4 {[%emt 0:00:53]} 10. d4 {[%emt 0:00:41]} bxc3 {[%emt 0:00:21]} 11. Nxc3 {[%emt 0:00:33]} cxd4 {[%emt 0:00:21]} 12. Nxd4 {[%emt 0:00:08]} Nxd4 {[%emt 0:00:03]} 13. Qxd4 {[%emt 0:00:04]} Nd7 {[%emt 0:00:17]} 14. Qe3 {[%emt 0:01:02]} Nc5 {[%emt 0:00:16]} 15. Bc4 {[%emt 0:00:56]} Be6 {[%emt 0:02:00]} 16. Bxe6 {[%emt 0:00:21]} fxe6 {[%emt 0:00:52]} 17. Qe2 {[%emt 0:01:21]} Rb8 {[%emt 0:03:12]} 18. Be3 {[%emt 0:02:01]} Qa5 {[%emt 0:00:13]} 1/2-1/2

[Event "RUS-ch Men Rapid 2019"]
[Site "Sochi"]
[Date "2019.10.16"]
[Round "11.10"]
[White "Triapishko, Alexandr"]
[Black "Glek, Igor"]
[Result "1-0"]
[WhiteElo "2514"]
[BlackElo "2467"]
[Annotator "RC"]
[PlyCount "121"]
[EventDate "2019.10.15"]
[EventType "swiss"]
[EventCountry "RUS"]
[SourceTitle "playchess.com"]
[Source "ChessBase"]
[SourceQuality "1"]
[TimeControl "900+10"]

1. Nf3 {[%emt 0:01:09]} Nf6 {[%emt 0:00:00]} 2. g3 {[%emt 0:00:10]} g6 {[%emt 0:00:04]} 3. b3 {[%emt 0:00:16]} Bg7 {[%emt 0:00:01]} 4. Bb2 {[%emt 0:00:02]} d6 {[%emt 0:01:18]} 5. d4 {[%emt 0:00:13]} c5 {[%emt 0:00:09]} 6. Bg2 {[%emt 0:01:17]} cxd4 {[%emt 0:00:11]} 7. Nxd4 {[%emt 0:00:03]} d5 {[%emt 0:00:02]} 8. O-O {[%emt 0:01:34]} O-O {[%emt 0:00:08]} 9. c4 {[%emt 0:00:29]} dxc4 {[%emt 0:01:00]} 10. bxc4 {[%emt 0:00:21]} Qb6 {[%emt 0:00:02]} 11. Qb3 {[%emt 0:00:28]} Nfd7 {[%emt 0:00:09]} 12. e3 {[%emt 0:00:13]} Nc6 {[%emt 0:01:24]} 13. Nc3 {[%emt 0:01:47]} Na5 {[%emt 0:05:18]} 14. Qc2 {[%emt 0:01:29]} Nxc4 {[%emt 0:00:23]} 15. Nd5 {[%emt 0:00:26]} Qxb2 {[%emt 0:00:07]} 16. Nxe7+ {[%emt 0:00:19]} Kh8 {[%emt 0:00:01]} 17. Qxc4 {[%emt 0:00:02]} Qa3 {[%emt 0:02:19]} 18. Nxc8 {[%emt 0:01:46]} Raxc8 {[%emt 0:00:11]} 19. Qb3 {[%emt 0:00:12]} Qa5 {[%emt 0:03:12]} 20. Qxb7 {[%emt 0:00:38]} Nc5 {[%emt 0:00:01]} 21. Qd5 {[%emt 0:00:42]} Qd8 {[%emt 0:00:43]} 22. Rac1 {[%emt 0:01:16]} Qxd5 {[%emt 0:00:59]} 23. Bxd5 {[%emt 0:00:03]} f5 {[%emt 0:00:15]} 24. Nb5 {[%emt 0:00:46]} Nd3 {[%emt 0:00:03]} 25. Rxc8 {[%emt 0:01:14]} Rxc8 {[%emt 0:00:18]} 26. Rd1 {[%emt 0:00:36]} a6 {[%emt 0:00:15]} 27. Nd6 {[%emt 0:00:20]} Rc1 {[%emt 0:00:15]} 28. Rxc1 {[%emt 0:00:14]} Nxc1 {[%emt 0:00:01]} 29. Nf7+ {[%emt 0:00:38]} Kg8 {[%emt 0:00:01]} 30. Kf1 {[%emt 0:00:18]} Bc3 {[%emt 0:00:10]} 31. Bc4 {[%emt 0:00:18]} Kg7 {[%emt 0:00:05]} 32. Ng5 {[%emt 0:00:35]} a5 {[%emt 0:00:07]} 33. a4 {[%emt 0:00:11]} h6 {[%emt 0:00:07]} 34. Ne6+ {[%emt 0:00:05]} Kf6 {[%emt 0:00:01]} 35. Nf4 {[%emt 0:00:06]} Bd2 {[%emt 0:00:13]} 36. h3 {[%emt 0:00:25]} g5 {[%emt 0:00:15]} 37. Nd5+ {[%emt 0:00:11]} Ke5 {[%emt 0:00:14]} 38. Ne7 {[%emt 0:00:04]} Kf6 {[%emt 0:00:11]} 39. Nc6 {[%emt 0:00:11]} h5 {[%emt 0:00:18]} 40. Kg2 {[%emt 0:00:16]} Bc3 {[%emt 0:00:41]} 41. h4 {[%emt 0:00:11]} gxh4 {[%emt 0:00:12]} 42. gxh4 {[%emt 0:00:02]} Bd2 {[%emt 0:00:08]} 43. Kf3 {[%emt 0:00:07]} Be1 {[%emt 0:00:01]} 44. Nd4 {[%emt 0:00:10]} Ke5 {[%emt 0:00:07]} 45. Ne6 {[%emt 0:00:22]} Kd6 {[%emt 0:00:38]} 46. Ng7 {[%emt 0:00:07]} Kc5 {[%emt 0:00:01]} 47. Bb5 {[%emt 0:00:14]} Na2 {[%emt 0:00:05]} 48. Nxf5 Nc3 49. Be8 {[%emt 0:00:18]} Kb4 {[%emt 0:00:04]} 50. Nd4 {[%emt 0:00:04]} Bd2 {[%emt 0:00:07]} 51. Bxh5 {[%emt 0:00:15]} Kxa4 {[%emt 0:00:05]} 52. Be8+ {[%emt 0:00:07]} Kb4 {[%emt 0:00:02]} 53. h5 {[%emt 0:00:07]} Nd5 {[%emt 0:00:00]} 54. h6 {[%emt 0:00:12]} Nf6 {[%emt 0:00:01]} 55. Bg6 {[%emt 0:00:06]} a4 {[%emt 0:00:03]} 56. h7 {[%emt 0:00:04]} Nxh7 {[%emt 0:00:03]} 57. Bxh7 {[%emt 0:00:02]} a3 {[%emt 0:00:03]} 58. Bg8 {[%emt 0:00:04]} Kc3 {[%emt 0:00:06]} 59. Ke2 {[%emt 0:00:09]} Bc1 {[%emt 0:00:01]} 60. Kd1 {[%emt 0:00:15]} Kb2 {[%emt 0:00:01]} 61. Nb5 {[%emt 0:00:10]} 1-0

[Event "RUS-ch Men Rapid 2019"]
[Site "Sochi"]
[Date "2019.10.16"]
[Round "11.11"]
[White "Savchenko, Boris"]
[Black "Tekeyev, Zaur"]
[Result "1/2-1/2"]
[WhiteElo "2581"]
[BlackElo "2384"]
[Annotator "ChessBase"]
[PlyCount "92"]
[EventDate "2019.10.15"]
[EventType "swiss"]
[EventCountry "RUS"]
[SourceTitle "playchess.com"]
[Source "ChessBase"]
[SourceQuality "1"]
[TimeControl "900+10"]

1. e4 {[%emt 0:00:00]} c5 {[%emt 0:00:00]} 2. Nf3 {[%emt 0:00:00]} Nc6 {[%emt 0:00:00]} 3. d4 {[%emt 0:00:00]} cxd4 {[%emt 0:00:00]} 4. Nxd4 {[%emt 0:00:00]} e5 {[%emt 0:00:00]} 5. Nb5 {[%emt 0:00:03]} d6 {[%emt 0:00:00]} 6. N1c3 {[%emt 0:00:09]} a6 {[%emt 0:00:02]} 7. Na3 {[%emt 0:00:01]} Be7 {[%emt 0:00:06]} 8. Nc4 {[%emt 0:00:08]} b5 {[%emt 0:00:02]} 9. Ne3 {[%emt 0:00:02]} Nf6 {[%emt 0:00:01]} 10. Bd3 {[%emt 0:01:48]} O-O {[%emt 0:00:03]} 11. O-O {[%emt 0:00:03]} Rb8 {[%emt 0:00:01]} 12. a3 {[%emt 0:01:59]} Nd4 {[%emt 0:00:07]} 13. h3 {[%emt 0:00:08]} Ne6 {[%emt 0:01:08]} 14. Nf5 {[%emt 0:01:40]} Nc5 {[%emt 0:00:16]} 15. Nxe7+ {[%emt 0:00:03]} Qxe7 {[%emt 0:00:01]} 16. Bg5 {[%emt 0:00:02]} Bb7 {[%emt 0:01:39]} 17. Qf3 {[%emt 0:00:19]} Ncd7 {[%emt 0:01:24]} 18. Qg3 {[%emt 0:00:56]} Qe6 {[%emt 0:00:55]} 19. Rae1 {[%emt 0:00:45]} Kh8 {[%emt 0:02:40]} 20. Qh4 {[%emt 0:00:14]} h6 {[%emt 0:00:46]} 21. Be3 {[%emt 0:02:01]} Nh7 {[%emt 0:00:55]} 22. f4 {[%emt 0:00:25]} exf4 {[%emt 0:00:15]} 23. Qxf4 {[%emt 0:00:02]} Ne5 {[%emt 0:00:13]} 24. Ne2 {[%emt 0:01:17]} Rbe8 {[%emt 0:03:06]} 25. Bd4 {[%emt 0:00:14]} d5 {[%emt 0:01:24]} 26. Ng3 {[%emt 0:00:32]} Nxd3 {[%emt 0:00:31]} 27. cxd3 {[%emt 0:00:04]} dxe4 {[%emt 0:00:16]} 28. Nf5 {[%emt 0:01:33]} f6 {[%emt 0:00:14]} 29. Nd6 {[%emt 0:01:08]} Qd5 {[%emt 0:00:43]} 30. Bc3 exd3 {[%emt 0:00:09]} 31. Nxb7 {[%emt 0:03:32]} Qxb7 {[%emt 0:00:08]} 32. Rxe8 {[%emt 0:00:02]} Rxe8 {[%emt 0:00:01]} 33. Qd6 {[%emt 0:00:01]} Qe7 {[%emt 0:02:22]} 34. Qxd3 {[%emt 0:00:12]} Ng5 {[%emt 0:00:52]} 35. Qg6 {[%emt 0:00:03]} Ne4 {[%emt 0:00:09]} 36. Re1 {[%emt 0:00:05]} Qc5+ {[%emt 0:00:18]} 37. Kh2 {[%emt 0:00:06]} Qd6+ {[%emt 0:00:05]} 38. Kg1 {[%emt 0:00:06]} Qc5+ {[%emt 0:00:13]} 39. Kh2 {[%emt 0:00:02]} Qd6+ {[%emt 0:00:14]} 40. Kg1 {[%emt 0:00:03]} Qc5+ {[%emt 0:00:08]} 41. Kh2 {[%emt 0:00:03]} Qd6+ {[%emt 0:00:09]} 42. Kg1 {[%emt 0:00:02]} Qc5+ {[%emt 0:00:08]} 43. Kh2 {[%emt 0:00:03]} Qd6+ {[%emt 0:00:02]} 44. Kg1 {[%emt 0:00:02]} Qc5+ {[%emt 0:00:05]} 45. Kh2 {[%emt 0:00:07]} Qd6+ {[%emt 0:00:09]} 46. Kg1 Qe6 1/2-1/2

[Event "RUS-ch Men Rapid 2019"]
[Site "Sochi"]
[Date "2019.10.16"]
[Round "11.12"]
[White "Khismatullin, Denis"]
[Black "Musalov, Ruslan"]
[Result "1/2-1/2"]
[WhiteElo "2611"]
[BlackElo "2348"]
[Annotator "TA"]
[PlyCount "116"]
[EventDate "2019.10.15"]
[EventType "swiss"]
[EventCountry "RUS"]
[SourceTitle "playchess.com"]
[Source "ChessBase"]
[SourceQuality "1"]

{[%evp 16,116,29,37,42,45,37,37,32,9,21,9,16,10,36,26,37,28,24,1,0,0,0,2,30,0,33,23,25,17,32,16,21,20,51,27,8,20,44,0,0,-8,-7,-22,-25,-68,-64,-65,-71,-91,0,-36,0,-87,0,-95,10,14,50,0,30,30,33,33,53,0,0,0,0,0,0,0,0,0,0,0,0,0,0,0,0,0,0,0,0,0,0,0,0,0,0,0,0,0,0,0,0,0,0,0,0,0,0]} 1. c4 c5 2. Nf3 Nf6 3. g3 g6 4. Bg2 Bg7 5. O-O O-O 6. d4 cxd4 7. Qxd4 Nc6 8. Qh4 Qa5 9. Nc3 Qh5 {A49: 1 d4 Nf6 2 Nf3 g6 3 g3: Anti-King's Indian systems} 10. Qxh5 Nxh5 11. Rd1 $146 ({Predecessor:} 11. Bd2 d6 12. Rac1 Be6 13. b3 Nf6 14. Rfd1 Rfc8 15. Ne1 Bd7 16. Nd3 b6 17. h3 {0-1 (44) Giri,A (2737)-Bacrot,E (2723) Elancourt 2013}) 11... d6 {White is slightly better.} 12. Be3 Be6 13. c5 dxc5 14. Bxc5 Rfd8 15. Ng5 Bc4 16. Bxc6 bxc6 17. Rdc1 Rd7 18. Nf3 Rad8 19. Kg2 h6 20. b3 Ba6 21. Rc2 g5 22. h3 f5 23. Re1 Kf7 24. Rcc1 g4 25. hxg4 fxg4 26. Nh2 Nf6 27. e4 (27. Be3 $14) 27... e5 $11 28. Nf1 h5 29. Ne3 Bh6 30. Ra1 Kg6 31. Kg1 Bd3 32. Rad1 Ba6 ({And not} 32... Nxe4 33. Nxe4 Bxe4 34. Rxd7 $14) ({Better is} 32... Nh7 $1 $17) 33. Ra1 $15 Bd3 (33... Nh7 $15) 34. Rad1 $1 $17 Ba6 ({Inferior is} 34... Nxe4 35. Nxe4 Bxe4 36. Rxd7 $14) (34... Nh7 $1 $17) 35. Rc1 {[#]} (35. Ra1 $11 {keeps the balance.}) 35... Rd2 (35... Nh7 $1 $17) 36. Bxa7 $11 Bd3 37. Rcd1 (37. Bc5 {looks sharper.} Bg5 38. Nf5 Kf7 39. Nd6+ Ke6 40. Nb7) 37... Nxe4 (37... Ba6 {keeps more tension.} 38. Rxd2 Rxd2 39. Rc1 Kf7 40. Bb6 Bg5) 38. Nxe4 Bxe4 39. Rxd2 Rxd2 {[#]} 40. Nc4 (40. Nxg4 $1 $14 {[%mdl 512]} hxg4 41. Rxe4 {[%mdl 64] Double Attack}) 40... Rxa2 {The position is equal.} 41. Rxe4 {Bb8 is the strong threat.} Rxa7 42. Rxe5 {[%mdl 4096] Endgame KRB-KRN} Ra1+ 43. Kg2 Rb1 44. Rc5 Rxb3 45. Rxc6+ Kh7 46. Nd6 Rf3 47. Ne4 {Strongly threatening Nf6+.} Rf5 48. Nf6+ Kg7 49. Ne8+ Kh7 50. Nd6 Rf6 51. Rc7+ Bg7 52. Ne8 Rg6 53. Kf1 Kh6 54. Rc5 Bf8 55. Rf5 Be7 56. Rf7 Re6 57. Ng7 Kg6 $1 {[%cal Rg6f7]} 58. Nxe6 Kxf7 {Accuracy: White = 73%, Black = 58%.} 1/2-1/2

[Event "RUS-ch Men Rapid 2019"]
[Site "Sochi"]
[Date "2019.10.16"]
[Round "11.13"]
[White "Zakhartsov, Vladimir"]
[Black "Yatzenko, Anton"]
[Result "1/2-1/2"]
[WhiteElo "2514"]
[BlackElo "2383"]
[Annotator "TA"]
[PlyCount "123"]
[EventDate "2019.10.15"]
[EventType "swiss"]
[EventCountry "RUS"]
[SourceTitle "playchess.com"]
[Source "ChessBase"]
[SourceQuality "1"]

{[%evp 9,123,24,15,20,22,7,20,18,37,-61,-70,-59,-54,-60,32,8,26,-9,-11,-70,0,0,0,0,0,0,10,-79,-68,-60,-76,-100,-100,-81,-97,-99,-108,-114,-75,-79,-66,-222,-208,-217,-215,-225,-214,-208,-221,-206,-207,-183,-174,-234,-224,-233,-233,-209,-79,-76,-77,-69,-66,-91,0,-136,-139,-134,-32,-42,-8,-59,-77,-168,-165,-271,-271,-258,0,0,0,-224,0,-217,-208,-264,0,0,0,0,0,0,0,0,0,-5052,-5052,-5052,-5052,-5052,-5052,-5052,-2325,-1399,69,69,88,97,132,68,68,68,68,68,68,68]} 1. d4 d5 2. c4 dxc4 3. e4 Nf6 4. e5 Nd5 5. Bxc4 Bf5 6. Qb3 {D20: Queen's Gambit Accepted: 3 e3 and 3 e4} (6. Ne2 e6 7. Nbc3 Nb6 8. Bb5+ Nc6 9. Ng3 Bg6 10. h4 h5 11. Nge2 Bf5 12. Ng3 Bg6 13. Nge2 Bf5 14. Ng3 Bg6 {½-½ (14) Mamedyarov,S (2764)-So,W (2776) Saint Louis 2019}) 6... c6 $1 7. Nf3 $146 ({Predecessor:} 7. Ne2 Qb6 8. Qf3 Bxb1 9. Bxd5 cxd5 10. Rxb1 e6 11. O-O Nc6 12. Be3 Be7 13. Qg4 {½-½ (41) Sjugirov,S (2667)-Popov,I (2599) Yaroslavl 2019}) 7... e6 8. Qxb7 {aiming for Bxd5.The position is equal.} Nb6 9. Bg5 (9. Be2 $14) 9... f6 $1 $15 {[%cal Rf6g5]} 10. exf6 gxf6 11. Bf4 Bb4+ (11... Rg8 $1 $15 12. Bxb8 Rxb8 13. Qxc6+ {[%mdl 64] Double Attack} Kf7) 12. Nc3 O-O {...Rf7 is the strong threat.} 13. Bxb8 (13. g4 $5 {[%cal Rg4f5]} Be4 14. Bxe6+ Kh8 15. Ng5 {[%mdl 64] Deflection} fxg5 16. Be5+ Rf6 17. f3 $14) 13... Rxb8 14. Qxc6 (14. Qa6 $11) 14... Nxc4 ({Better is} 14... Rf7 $1 $15 15. Bxe6 Qe7) 15. Qxc4 $11 Qc8 16. Nd2 Qxc4 17. Nxc4 Bd3 18. Ne3 (18. Nd2 $11 {remains equal.}) 18... Bxc3+ $1 $17 19. bxc3 Rb2 20. O-O-O Rfb8 $36 {[%mdl 2048] Black has strong initiative.} 21. Rxd3 {Threatens to win with Rhd1.} Rb1+ 22. Kd2 R8b2+ 23. Nc2 Rxh1 {[%mdl 4096] Endgame KRR-KRN} 24. c4 Rxa2 25. d5 $2 (25. c5 $1 $15 Rf1 26. Rc3 Rxf2+ 27. Kd3) 25... exd5 $19 ({Don't blunder} 25... Rxh2 $2 26. d6 $18) 26. cxd5 Kf7 27. Kc3 Rc1 ({Not} 27... Rxh2 28. d6 $15) 28. Rd2 Ke7 29. Kb3 Ra6 30. Kb2 Rh1 31. h3 (31. Kc3 $142) 31... Rb6+ 32. Kc3 Rc1 33. Rd4 Kd7 (33... Rb5 $1 $19 {[%cal Rb5c5] And now ...Rc5+ would win.} 34. Kd2 Rcb1 35. Re4+ Kd7) 34. Rh4 $17 Kd6 35. Rxh7 a6 36. Kd2 Rf1 (36... Rcb1 $17 37. Rh5 R6b5) 37. Ne3 (37. Ke2 $11 Rfb1 38. Ne3) 37... Rxf2+ 38. Kc3 {White wants to play Nc4+.} Rb5 (38... Rb1 $17 39. Rh8 Re1) 39. Ra7 $15 a5 40. Ra6+ ({White should play} 40. g3 $11) 40... Kc7 41. d6+ (41. Kc4 $17 {was necessary.} Rb4+ 42. Kc5) 41... Kd7 $19 42. Nc4 (42. Kc4 {might work better.} Rg5 43. Ng4 Rf4+ 44. Kd3) 42... Rxg2 43. Ra7+ Kd8 44. Ra8+ Kd7 45. Ra7+ Kc8 $2 (45... Ke6 $19 {White must now prevent ...Rg3+.} 46. Re7+ Kd5) 46. d7+ $2 (46. Ra8+ $11 Kd7 47. Kd3) 46... Kd8 {Strongly threatening ...Rg3+.} 47. Nd6 {[#]} Rg3+ $2 (47... Rc5+ $1 $19 48. Kb3 Rc7 49. Rxa5 Rg3+ 50. Kb2 Kxd7) 48. Kd4 $11 {White wants to mate with Nf7+.} Rb4+ 49. Kd5 Rd3+ 50. Kc5 {Nf7+ would kill now.} Rc3+ 51. Kd5 {White threatens Nf7+ and mate.} Rc7 52. Ke6 $2 {[%mdl 8192] [#]} (52. Ra8+ $11 Kxd7 53. Rf8) 52... Re4+ $1 $19 {[%mdl 512]} 53. Nxe4 Rxa7 {KR-KN} 54. Nc5 a4 55. Kd6 {[#]} Rxd7+ $1 {[%mdl 512]} 56. Nxd7 {[#] KN-KPP} a3 $2 (56... f5 $1 $19 57. Nc5 f4) 57. Nc5 $14 a2 58. Nb3 Ke8 59. Ke6 f5 $1 {[%cal Rf5f4] White is slightly better.} 60. Kxf5 Kf7 61. h4 Kg7 62. Ke4 {Accuracy: White = 39%, Black = 52%.} 1/2-1/2